Zmeny energetického zákona vykonané v rámci novelizácie regulačného zákona
Informácia o najdôležitejších zmenách, ktoré novela energetického zákona prináša. Zlepšenie ponuky podporných služieb v elektroenergetike. Plyn sa nebude predávať v objemových jednotkách, ale v energetických jednotkách.
Gespeichert in:
| 1. Verfasser: | |
|---|---|
| Format: | Buchkapitel |
| Sprache: | Slowakisch |
| Schlagworte: | |
| Tags: |
Keine Tags, Fügen Sie das erste Tag hinzu!
|
MARC
| LEADER | 00000naa$a2200000$$$4500 | ||
|---|---|---|---|
| 001 | 0056331 | ||
| 005 | 20231106072853.1 | ||
| 041 | 0 | |a slo | |
| 044 | |a SK | ||
| 245 | 1 | 0 | |a Zmeny energetického zákona vykonané v rámci novelizácie regulačného zákona |c Juraj Vechter |
| 520 | |a Informácia o najdôležitejších zmenách, ktoré novela energetického zákona prináša. Zlepšenie ponuky podporných služieb v elektroenergetike. Plyn sa nebude predávať v objemových jednotkách, ale v energetických jednotkách. | ||
| 610 | 2 | 0 | |a energetika |
| 610 | 2 | 0 | |a zákony |
| 610 | 2 | 0 | |a Slovensko |
| 610 | 2 | 0 | |a 2007 |
| 100 | 1 | |a Vechter, Juraj | |